Podnikateľský plán a jeho význam v životnom cykle podniku diplomová práca

Gespeichert in:
Bibliographische Detailangaben
1. Verfasser: Gažová, Anna
Körperschaft: Fakulta podnikového manažmentu EU. Katedra podnikovohospodárska
Weitere Verfasser: Bukovová, Sylvia, 1959-
Format: Buch
Sprache:Slowakisch
Veröffentlicht: Bratislava 2015
Tags: Tag hinzufügen
Keine Tags, Fügen Sie das erste Tag hinzu!

MARC

LEADER 00000nbm a2200000 4500
001 0201342
005 20161212102550.3
041 0 |a slo 
044 |a SK 
245 1 0 |a Podnikateľský plán a jeho význam v životnom cykle podniku  |b diplomová práca  |c Anna Gažová ; školiteľ: Sylvia Bukovová 
264 1 |a Bratislava  |c 2015 
300 |a 85 s. 
100 1 |a Gažová, Anna 
700 1 |a Bukovová, Sylvia, 1959- 
710 2 |a Fakulta podnikového manažmentu EU. Katedra podnikovohospodárska